Every 1,000,000+ City in Asia - Statistics

General Stats
  • This quiz has been taken 11 times
  • The average score is 127 of 282
Answer Stats
Country Letter Population City % Correct
Thailand B 17,509,335 Bangkok
100%
India D 36,055,019 Delhi
100%
Bangladesh D 21,509,852 Dhaka
100%
Vietnam H-C-M-C 21,274,033 Ho Chi Minh City
100%
Türkiye I 16,550,287 İstanbul
100%
Indonesia J 35,511,073 Jakarta
100%
Pakistan K 21,065,113 Karachi
100%
India K 18,093,685 Kolkata
100%
Pakistan L 15,042,166 Lahore
100%
Philippines M 23,550,103 Manila
100%
India M 27,106,125 Mumbai
100%
India N-D 4,739,041 New Delhi
100%
Japan O 19,032,805 Ōsaka
100%
South Korea S 26,075,994 Seoul
100%
Iran T 16,603,889 Tehran
100%
Japan T 42,855,721 Tokyo
100%
Syria A 3,472,553 Aleppo
89%
Kazakhstan A 3,127,228 Almaty
89%
Jordan A 5,579,092 Amman
89%
Türkiye A 5,881,306 Ankara
89%
Iraq B 9,116,154 Baghdad
89%
Azerbaijan B 2,682,694 Baku
89%
Lebanon B 2,722,391 Beirut
89%
India B 14,436,907 Bengaluru
89%
South Korea B 4,206,518 Busan
89%
India C 12,656,143 Chennai
89%
Bangladesh C 5,607,155 Chittagong
89%
Sri Lanka C 4,196,270 Colombo
89%
Syria D 4,413,080 Damascus
89%
UAE D 5,701,780 Dubai
89%
Japan F 3,178,950 Fukuoka
89%
Palestine G 2,206,944 Gaza
89%
Vietnam H 9,218,050 Hanoi
89%
India H 11,719,558 Hyderabad
89%
Pakistan H 2,412,067 Hyderabad
89%
Pakistan I 4,190,377 Islamabad
89%
Türkiye I 3,504,097 İzmir
89%
India J 4,528,088 Jaipur
89%
Saudi Arabia J 5,710,250 Jeddah
89%
Afghanistan K 7,186,590 Kabul
89%
Nepal K 4,132,076 Kathmandu
89%
Malaysia K-L 9,101,459 Kuala Lumpur
89%
Kuwait K-C 4,479,602 Kuwait City
89%
Japan N 10,093,516 Nagoya
89%
India P 9,097,454 Pune
89%
North Korea P 3,662,288 Pyongyang
89%
Philippines Q-C 3,406,895 Quezon City
89%
Saudi Arabia R 8,256,305 Riyadh
89%
Yemen S 3,604,962 Sana'a
89%
Japan S 2,364,319 Sapporo
89%
Singapore S 6,152,740 Singapore
89%
Taiwan T 9,525,092 Taipei
89%
Uzbekistan T 3,583,811 Tashkent
89%
Israel T-A-Y 4,736,402 Tel Aviv-Yafo
89%
Myanmar Y 5,903,992 Yangon
89%
Japan Y 3,831,498 Yokohama
89%
UAE A-D 2,206,385 Abu Dhabi
78%
India A 9,537,643 Ahmedabad
78%
Kazakhstan A 1,521,003 Astana
78%
Indonesia B 8,089,462 Bandung
78%
Iraq B 2,307,298 Basra
78%
Kyrgyzstan B 1,410,284 Bishkek
78%
Türkiye B 2,251,350 Bursa
78%
Philippines C 2,648,752 Cebu
78%
South Korea D 2,664,703 Daegu
78%
Vietnam D-N 2,105,019 Đà Nẵng
78%
South Korea I 3,137,925 Incheon
78%
Iran I 3,684,075 Isfahan
78%
Myanmar M 1,603,923 Mandalay
78%
Iran M 3,886,156 Mashhad
78%
Saudi Arabia M 2,449,397 Mecca
78%
Indonesia M 3,732,414 Medan
78%
Saudi Arabia M 1,652,944 Medina
78%
Oman M 1,826,548 Muscat
78%
Taiwan N-T 4,012,762 New Taipei
78%
Japan S 1,674,443 Sendai
78%
Indonesia S 9,106,942 Surabaya
78%
India S 8,220,050 Surat
78%
Mongolia U 1,729,013 Ulaanbaatar
78%
Türkiye A 1,503,266 Antalya
67%
Saudi Arabia D 2,590,292 Dammam
67%
Philippines D 2,114,225 Davao
67%
Qatar D 2,452,953 Doha
67%
Tajikistan D 2,830,906 Dushanbe
67%
Malaysia G-T 2,851,336 George Town
67%
Israel H 1,086,494 Haifa
67%
Japan H 1,593,075 Hiroshima
67%
India I 3,533,172 Indore
67%
India K 4,576,915 Kanpur
67%
Taiwan K 2,805,307 Kaohsiung
67%
Japan K 3,716,885 Kobe
67%
Türkiye K 1,457,845 Konya
67%
Japan K 2,273,057 Kyōto
67%
Cambodia P-P 2,756,316 Phnom Penh
67%
Iran Q 1,401,013 Qom
67%
Georgia T 1,310,550 Tbilisi
67%
India V 2,259,910 Varanasi
67%
Türkiye A 2,159,054 Adana
56%
Yemen A 1,338,734 Aden
56%
India A 3,151,850 Agra
56%
India A 1,831,487 Amritsar
56%
Turkmenistan A 1,091,815 Ashgabat
56%
India B 2,855,440 Bhopal
56%
South Korea D 1,715,496 Daejeon
56%
Indonesia D 1,580,774 Denpasar
56%
Iraq E 1,556,293 Erbil
56%
Pakistan F 4,063,910 Faisalabad
56%
Türkiye G 2,007,210 Gaziantep
56%
Malaysia J-B 2,106,795 Johor Bahru
56%
Afghanistan K 1,077,484 Kandahar
56%
India L 5,502,226 Lucknow
56%
India N 3,706,907 Nagpur
56%
Myanmar N 1,055,860 Naypyidaw
56%
Russia N 2,021,960 Novosibirsk
56%
India P 3,105,684 Patna
56%
Pakistan R 3,611,485 Rawalpindi
56%
UAE S 1,861,174 Sharjah
56%
Kazakhstan S 1,485,128 Shymkent
56%
Taiwan T 2,880,730 Taichung
56%
Taiwan T 1,902,335 Tainan
56%
Armenia Y 1,219,893 Yerevan
56%
Indonesia Y 3,506,489 Yogyakarta
56%
Russia C 1,558,340 Chelyabinsk
44%
Vietnam C-T 1,431,907 Cần Thơ
44%
India C 3,307,048 Coimbatore
44%
Pakistan G 2,779,033 Gujranwala
44%
South Korea G 1,536,101 Gwangju
44%
Syria H 1,094,625 Hama
44%
Syria H 1,610,391 Homs
44%
Israel J 1,206,339 Jerusalem
44%
India J 1,893,408 Jodhpur
44%
Türkiye K 1,215,858 Kayseri
44%
Iraq M 1,913,297 Mosul
44%
Russia O 1,206,094 Omsk
44%
Indonesia P 1,887,186 Palembang
44%
South Korea U 1,183,440 Ulsan
44%
India V 3,394,770 Vadodara
44%
Russia Y 2,176,348 Yekaterinburg
44%
Iran A 1,331,889 Ahvaz
33%
UAE A-A 1,009,419 Al Ain
33%
India B 1,440,086 Bhilai
33%
Philippines C-D-O 1,104,453 Cagayan de Oro
33%
Thailand C 1,306,242 Chiang Mai
33%
Indonesia D 3,220,258 Depok
33%
Japan H 1,196,437 Hamamatsu
33%
Malaysia I 1,096,228 Ipoh
33%
Türkiye I 1,266,105 İzmit
33%
Japan K 1,550,002 Kawasaki
33%
Iran K 1,119,045 Kermanshah
33%
Bangladesh K 1,602,648 Khulna
33%
India K 2,745,030 Kochi
33%
Russia K 1,294,103 Krasnoyarsk
33%
India L 2,390,166 Ludhiana
33%
India M 2,124,093 Madurai
33%
Indonesia M 1,737,390 Makassar
33%
Türkiye M 1,146,415 Mersin
33%
Pakistan M 2,415,381 Multan
33%
Iraq N 1,027,086 Najaf
33%
India N-M 2,168,319 Navi Mumbai
33%
Japan O 1,709,053 Okayama
33%
Japan O 1,107,229 Okinawa
33%
Thailand P 1,209,081 Pattaya
33%
Pakistan P 2,508,106 Peshawar
33%
Pakistan Q 1,565,546 Quetta
33%
India R 1,821,049 Raipur
33%
India R 2,208,602 Rajkot
33%
Uzbekistan S 1,184,720 Samarqand
33%
Indonesia S 1,809,347 Semarang
33%
Iran S 1,803,355 Shiraz
33%
Japan S 1,305,852 Shizuoka
33%
India S 1,786,030 Srinagar
33%
Bangladesh S 1,316,467 Sylhet
33%
Iran T 1,736,254 Tabriz
33%
Yemen T 1,194,376 Taiz
33%
India V 1,315,146 Vijayawada
33%
India V 2,507,941 Visakhapatnam
33%
India A 1,529,480 Aligarh
22%
Indonesia B-L 1,214,684 Bandar Lampung
22%
Indonesia B 1,858,910 Batam
22%
Indonesia B 3,926,050 Bekasi
22%
Vietnam B-H 1,559,041 Biên Hòa
22%
Indonesia B 1,327,408 Bogor
22%
Philippines C 1,729,032 Caloocan
22%
Japan C 1,002,296 Chiba
22%
Thailand C 1,130,164 Chonburi
22%
India F 2,361,606 Faridabad
22%
India G 1,606,436 Gwalior
22%
Vietnam H 3,106,026 Haiphong
22%
North Korea H 1,128,550 Hamhŭng
22%
India J 1,816,496 Jamshedpur
22%
Iran K 2,041,547 Karaj
22%
Saudi Arabia K-M 1,539,215 Khamis Mushait
22%
India K 1,183,716 Kozhikode
22%
India M 2,016,460 Meerut
22%
Uzbekistan N 1,291,130 Namangan
22%
Bangladesh N 1,852,115 Narayanganj
22%
India N 2,408,027 Nashik
22%
Thailand N 1,164,527 Nonthaburi
22%
Indonesia P 1,072,560 Padang
22%
Indonesia P 1,364,701 Pekanbaru
22%
India P-C 3,084,606 Pimpri-Chinchwad
22%
Bangladesh R 1,211,948 Rajshahi
22%
India R 1,706,237 Ranchi
22%
Bangladesh R 1,060,012 Rangpur
22%
Japan S 5,102,036 Saitama
22%
Pakistan S 1,094,066 Sargodha
22%
Indonesia S-T 1,504,948 South Tangerang
22%
Indonesia S 1,631,015 Surakarta
22%
Indonesia T 2,626,610 Tangerang
22%
Taiwan T 2,411,006 Taoyuan
22%
Philippines Z 1,140,036 Zamboanga
22%
India A 1,038,115 Ajmer
11%
Saudi Arabia A-H 1,126,035 Al Hofuf
11%
Yemen A-M 1,273,495 Al Mukalla
11%
Pakistan B 1,082,984 Bahawalpur
11%
India B 1,419,616 Bareilly
11%
India B 1,411,254 Bhubaneswar
11%
India C 2,889,560 Chandigarh
11%
South Korea C 1,085,383 Changwon
11%
India A/C-S 1,780,303 Chhatrapati Sambhajinagar
11%
India D 1,143,079 Dehradun
11%
Türkiye D 1,208,767 Diyarbakır
11%
Bangladesh G 3,210,790 Gazipur
11%
India G 4,101,074 Ghaziabad
11%
India G 1,605,960 Gurgaon
11%
India H 2,237,105 Howrah
11%
Vietnam H 1,134,579 Huế
11%
India H 1,382,506 Hubli
11%
India J 1,282,470 Jalandhar
11%
Malaysia K 1,117,019 Kajang
11%
India K 1,803,605 Kannur
11%
Indonesia K 1,207,880 Karawang
11%
Iraq K 1,137,095 Kirkuk
11%
Japan K 1,442,370 Kitakyushu
11%
India K 2,109,020 Kollam
11%
Indonesia M 1,046,347 Malang
11%
India M 1,505,033 Mysuru
11%
India P 1,195,089 Puducherry
11%
Indonesia S 1,157,143 Samarinda
11%
Thailand S-P 1,462,097 Samut Prakan
11%
Pakistan S 1,105,053 Sialkot
11%
India S 1,120,004 Solapur
11%
South Korea S 1,202,790 Suwon
11%
Philippines T 1,310,960 Taguig
11%
India T 3,007,043 Thiruvananthapuram
11%
India T 1,307,455 Tiruchirappalli
11%
India T 1,108,311 Tiruppur
11%
India V-V 2,414,067 Vasai-Virar
11%
India W 1,341,825 Warangal
11%
India A 1,029,733 Agartala
0%
India A 1,003,408 Ambala
0%
India A 1,176,354 Amravati
0%
Philippines A 1,047,354 Antipolo
0%
India A 1,568,807 Asansol
0%
India B 1,080,530 Bhiwandi
0%
India B 1,018,994 Bikaner
0%
Bangladesh C 1,511,166 Comilla
0%
India D 1,740,062 Dhanbad
0%
India D 1,210,168 Durgapur
0%
India F 1,007,796 Firozabad
0%
India G 1,336,084 Gorakhpur
0%
South Korea G 1,104,748 Goyang
0%
India G 1,043,882 Guntur
0%
India G 1,451,307 Guwahati
0%
India J 1,601,703 Jabalpur
0%
India J 1,075,421 Jammu
0%
India J 1,092,925 Jhansi
0%
India K-D 2,017,206 Kalyan-Dombivli
0%
India K 1,580,025 Kolhapur
0%
India K 1,722,854 Kota
0%
Malaysia M 1,030,809 Malacca
0%
India M 1,126,514 Mathura
0%
India M-B 1,365,557 Mira Bhayandar
0%
India M 1,372,219 Moradabad
0%
India N 1,480,041 Noida
0%
India P 1,925,042 Prayagraj
0%
India S 1,248,850 Saharanpur
0%
India S 1,237,877 Salem
0%
India S 2,904,352 Secunderabad
0%
India S 1,225,692 Siliguri
0%
India T 2,911,635 Thane
0%
South Korea Y 1,051,013 Yongin
0%
No matching quizzes found
Score Distribution
Percent of People with Each Score
Percentile by Number Answered
Your Score History
You have not taken this quiz